Navrhnutie optimálnych parametrov pre zváranie rúrok priemeru 32,5 x 5,6 z mat. 17341.4 v ochrannej atmosfére argónu na zariadení pre obvodové zváranie rúrok RRS-76 FY BABCOCK : Diplomová práca
Gespeichert in:
| 1. Verfasser: | |
|---|---|
| Weitere Verfasser: | |
| Format: | Manuskript Buch |
| Sprache: | Slowakisch |
| Veröffentlicht: |
Trnava :
SVŠT v Bratislave StF KZZaPM,
1988
|
| Schlagworte: | |
| Tags: |
Keine Tags, Fügen Sie das erste Tag hinzu!
|
MARC
| LEADER | 00000ntm a22000003a 4500 | ||
|---|---|---|---|
| 001 | stu92305 | ||
| 005 | 20160719162634.4 | ||
| 008 | 050110s1988----cs------------------slo-d | ||
| 040 | |a STU |b slo | ||
| 041 | 0 | |a slo | |
| 044 | |a cs | ||
| 100 | 1 | |a Havran, Marian |4 aut | |
| 245 | 1 | |a Navrhnutie optimálnych parametrov pre zváranie rúrok priemeru 32,5 x 5,6 z mat. 17341.4 v ochrannej atmosfére argónu na zariadení pre obvodové zváranie rúrok RRS-76 FY BABCOCK : |b Diplomová práca | |
| 260 | |a Trnava : |b SVŠT v Bratislave StF KZZaPM, |c 1988 | ||
| 300 | |a 58 s | ||
| 650 | 7 | |a strojárska technológia |2 stusub | |
| 700 | 1 | |a Petríková, Anna, |d 1949- |4 xxx |u V290 |U SvF Stavebná fakulta |T SvF Katedra technických zariadení budov |X 702 |U V290 |Y 31 |7 A000000702 | |
| 996 | |b 284M043093 |c M*DP-2683 |l MMSKP |s P |a 0 |w stu92305_0001 | ||